| 000 | 01243cam a2200325 i 4500 | ||
|---|---|---|---|
| 001 | 69856 | ||
| 003 | Mx-PuUPA | ||
| 005 | 20230524114137.0 | ||
| 008 | 220720s2019 caua|||gr|||| 001 0 eng d | ||
| 020 |
_a9781526449900 _qrústica |
||
| 020 | _a9781526449894 | ||
| 040 |
_aMx-PuUPA _bspa _cMx-PuUPA _dMx-PuUPA _erda |
||
| 041 | 0 | _aeng | |
| 100 | 1 |
_aKumar, Ranjit, _eautor _913038 |
|
| 245 | 1 | 0 |
_aResearch methodology : _ba step by step guide for beginners / _cRanjit Kumar |
| 250 | _aFifth edition | ||
| 264 | 1 |
_aLondon : _bSAGE Publications, _c2019 |
|
| 300 |
_axxi, 503 páginas : _bilustraciones ; _c19 cm |
||
| 336 |
_2rdacontent _atexto _btxt |
||
| 337 |
_2rdamedia _asin medio _bn |
||
| 338 |
_2rdacarrier _avolumen _bnc |
||
| 650 | 7 |
_2armarc _aMetodología de la investigación |
|
| 650 | 7 |
_2armarc _aCiencias sociales _xInvestigación _vMetodología |
|
| 942 |
_2ddc _cLI _h001.42 _iK9636 |
||
| 999 |
_c69856 _d69856 |
||